000 00634nam a22002417a 4500
003 UA-OsUOA
001 84729
007 ta
008 20120608b un ||||| |||| 00| 0 ukr d
100 _aЗуєвський О.
090 _a821.161.2
_bЗ-93
942 _cBK
040 _aUA-OsUOA
_bukr
_cUA-OsUOA
_dUA-OsUOA
245 _aВибране. Поезії. Переклади
300 _a362 с.
955 _a3
041 _aukr
080 _a821.161.2
020 _a5-308-01246-6
260 _aК.
_bДніпро
_c1992
650 7 _a82 Література. Літературознавство
_2UDC
999 _c371036
_d371036